LEADER 01186nam0 2200325 i 450 001 RAV0764590 005 20231121125644.0 010 $a8804479078 020 $aIT$b2002-2267 100 $a20020521d2001 ||||0itac50 ba 101 | $aita$cita 102 $ait 181 1$6z01$ai $bxxxe 182 1$6z01$an 200 1 $aSovrimpressioni$fAndrea Zanzotto 210 $aMilano$cMondadori$d2001 215 $a133 p.$d18 cm. 225 | $a˜Lo œspecchio$i. I poeti del nostro tempo 410 0$1001CFI0001123$12001 $a˜Lo œspecchio$i. I poeti del nostro tempo 500 10$aSovrimpressioni$3SBN0080469$9CFIV021806$93616397 700 1$aZanzotto$b, Andrea$3CFIV021806$4070$0174583 801 3$aIT$bIT-01$c20020521 850 $aIT-RM028 $aIT-FR0017 899 $aBiblioteca Universitaria Alessandrina$bRM028 899 $aBiblioteca umanistica Giorgio Aprea$bFR0017 $eN 912 $aRAV0764590 950 0$aBiblioteca umanistica Giorgio Aprea$d 52MAG 1/185$e 52FLS0000265085 VMB RS $fA $h20181009$i20181009 977 $a 01$a 52 996 $aSovrimpressioni$93616397 997 $aUNICAS LEADER 01181nam0 22002771i 450 001 UON00166399 005 20231205103032.448 010 $a88-221-1412-4 100 $a20030123d1994 |0itac50 ba 101 $aita 102 $aIT 105 $a|||| ||||| 200 1 $aSull'origine della costruzione Dicere Quod$easpetti sintattici e semantici$fPierluigi Cuzzolin$fFirenze$eLa Nuova Italia Editrice, 1994 210 $a323 p.$a24 cm 410 1$1001UON00011948$12001 $aPubblicazioni della Facoltà di Lettere e Filosofia dell'Università di Pavia$v72 606 $aLingua latina$xGrammatica$3UONC026301$2FI 620 $aIT$dFirenze$3UONL000052 676 $a475$cLingua latina. Grammatica$v21 700 1$aCuzzolin$bPierluigi$3UONV072811$0164180 712 $aLa Nuova Italia$3UONV245954$4650 801 $aIT$bSOL$c20250613$gRICA 899 $aSIBA - SISTEMA BIBLIOTECARIO DI ATENEO$2UONSI 912 $aUON00166399 950 $aSIBA - SISTEMA BIBLIOTECARIO DI ATENEO$dSI GLOTT B 12 III 284 $eSI MC 26339 5 284 996 $aSull'origine della costruzione dicere quod$9816015 997 $aUNIOR